Les personnages de Thunderbolts* (The New Avengers) - #36 - Statistiques

Statistiques générales
  • Ce quiz a été pris 22 fois
  • Le résultat moyen est 6 sur 9
Statistiques - réponses
Réponse % Correct
Alexei Shostakov / le Red Guardian
91%
Ava Starr / Ghost
91%
Bucky Barnes / le Soldat de l'Hiver
91%
Yelena Belova / Black Widow
91%
Bob Reynolds / Sentry / Voïd
86%
John Walker / U.S Agent
77%
Antonia Dreykov / Taskmaster
64%
Valentina Allegra de Fontaine
45%
Mel Gold
9%
Aucun quiz correspondant
Distribution des résultats
% des personnes avec chaque résultat
Percentile par nombre de réponses
Votre historique - résultats
Vous n’avez pas pris ce quiz